000 01027cam a2200217 4500
001 6106
010 _a9722014374
021 _b118998/87
090 _a6106
100 _a19971111e1998 m y0pory5003 ba
200 1 _aCafé Central
_eFolhetim do mundo vivido em Vila Velha
_fÁlvaro Guerra
205 _a4ª ed
210 9 _aLisboa
_cDom Quixote,
_d1998
215 _a435 p.
225 2 _aAutores de Língua Portuguesa
330 _a“Café Central”de Álvaro Guerra é uma narrativa histórica que aborda as temáticas relativas ao Portugal do século XX. O livro tem como ponto de partida o Café Central, um estabelecimento de Vila Franca de Xira que servia como local de encontro para troca de informações. A verdade é que não são poucas as conspirações políticas, quedas de governo e correntes artísticas que tiveram origem em torno de uma chávena de café
675 _a821.134.3-92
_vPT
_zpor
700 1 _aGuerra,
_bÁlvaro,
_f1936-2002
801 0 _aPT
_bBMVN
_gRPC
830 _cCéu Baptista
_d31.12.2021
990 _cLIVROS